Представление документа в формате MARC21

Поле Инд. ПП Название Значение
Тип записи a
Библиографический уровень m
001 Контрольный номер RU/LIBMSTU/422453675
005 Дата корректировки 20200520145642.3
020 a ISBN 978-5-9558-0168-1 (Вузовский учебник)
020 a ISBN 978-5-16-004312-8 (Инфра-М)
084 a Индекс другой классификации/Индекс ББК 65.291.21я7
090 a Полочн. индекс 65.291.21
x Авторский знак М 50
245 10 a Заглавие Менеджмент
b Продолж. заглавия учеб.-практ. пособие для вузов
c Ответственность [Игнатьева А. В. и др.]
260 a Место издания Москва
b Издательство Вуз. учеб.
b Издательство Инфра-М
c Дата издания 2013
300 a Объем 283 с.
b Иллюстрации/ тип воспроизводства ил.
440 _0 a Серия Вузовский учебник
500 a Примечание Авт. указаны на обороте тит. л.
504 a Библиография Библиогр.: с. 281-282
650 04 a Основная рубрика Менеджмент-Учебные издания для высших учебных заведений
653 0_ a Ключевые слова Бизнес-планирование; Менеджеры; Менеджмент; Методы управления; Модели менеджмента; Реинжиниринг бизнес-процессов; Стратегический анализ предприятий; Управление организациями; Управление человеческими ресурсами
700 1_ a Другие авторы Игнатьева А. В.
e Роль лиц авт.
700 1_ a Другие авторы Максимцов М. М.
e Роль лиц авт.
700 1_ a Другие авторы Вдовина И. В.
e Роль лиц авт.
700 1_ a Другие авторы Доценко Е. В.
e Роль лиц авт.
700 1_ a Другие авторы Горностаева А. И.
e Роль лиц авт.
901 t Тип документа m
952 b Гриф литературы для ВШ Рекомендовано Науч.-метод. советом по заоч. экон. образованию